| 000 | 00370nam a2200133Ia 4500 | ||
|---|---|---|---|
| 008 | 240624s9999 xx 000 0 und d | ||
| 041 | _aeng | ||
| 082 | _a519.5 KEL | ||
| 100 | _aKELLER GERALD | ||
| 245 | _aSTATISTICS FOR MANAGEMENT AND ECONOMICS | ||
| 250 | _a(7th ed.) | ||
| 260 |
_c2008 _aAustralia _bBrooks/Cole Cengage Learning |
||
| 300 | _axx, : 848 : p. : cm. ; 25 | ||
| 999 |
_c13103 _d13103 |
||